[Event "BCF-chT3 1314 (4NCL)"]
[Site "England"]
[Date "2014.03.22"]
[Round "7.83"]
[White "Mahoney, Nicholas"]
[Black "Hinterreither, Nikolai"]
[Result "1/2-1/2"]
[WhiteElo "1772"]
[BlackElo "1716"]
[PlyCount "87"]
[EventDate "2013.11.16"]
[EventType "team-swiss"]
[EventRounds "11"]
[EventCountry "ENG"]
[SourceTitle "EXT 2015"]
[Source "ChessBase"]
[SourceDate "2014.11.20"]
[SourceVersion "1"]
[SourceVersionDate "2014.11.20"]
[SourceQuality "1"]
[WhiteTeam "Bradford DCA Knights III"]
[BlackTeam "Sussex Smart Survivors II"]
[WhiteTeamCountry "ENG"]
[BlackTeamCountry "ENG"]

1. e4 e5 2. Nf3 Nc6 3. c3 Nf6 4. d4 exd4 5. e5 Nd5 6. cxd4 Bb4+ 7. Nbd2 d6 8.
a3 Bxd2+ 9. Bxd2 dxe5 10. dxe5 h6 11. Bb5 Nde7 12. Qa4 O-O 13. O-O-O Qe8 14.
Bc3 a6 15. Rhe1 Be6 16. Bd3 Nxe5 17. Qf4 Nxd3+ 18. Rxd3 Qb5 19. Rde3 Nd5 20.
Qd4 Nxc3 21. Rxc3 Rad8 22. Qe3 Qb6 23. Qxb6 cxb6 24. h3 Rc8 25. Rxc8 Rxc8+ 26.
Kd2 Kf8 27. Nd4 Ke7 28. Nxe6 fxe6 29. Re3 Rd8+ 30. Kc2 Rd5 31. Rg3 g5 32. h4
Rf5 33. f3 gxh4 34. Rg7+ Kf6 35. Rxb7 Rxf3 36. gxf3 h3 37. Rd7 Kg5 38. f4+ Kxf4
39. Rd4+ Kg5 40. Rd3 Kg4 41. Rd4+ Kg3 42. Rd3+ Kg2 43. Rd2+ Kg3 44. Rd3+
1/2-1/2

[Event "Budapest Spring op 30th"]
[Site "Budapest"]
[Date "2014.03.21"]
[Round "8"]
[White "Csapo, Zoltan"]
[Black "Simon, Lili"]
[Result "1-0"]
[WhiteElo "2024"]
[BlackElo "1936"]
[PlyCount "57"]
[EventDate "2014.03.14"]
[EventType "swiss"]
[EventRounds "9"]
[EventCountry "HUN"]
[SourceTitle "CBM 159 Extra"]
[Source "ChessBase"]
[SourceDate "2014.04.24"]
[SourceVersion "1"]
[SourceVersionDate "2014.04.24"]
[SourceQuality "1"]

1. e4 e5 2. Nf3 Nc6 3. c3 Nf6 4. d4 Nxe4 5. d5 Ne7 6. Nxe5 Ng6 7. Nc4 Bc5 8.
Ne3 O-O 9. Bd3 Nf6 10. Bc2 d6 11. O-O a5 12. Qf3 Re8 13. Nd2 b5 14. Nb3 Bb6 15.
Nd4 Ne5 16. Qd1 Bxd4 17. Qxd4 Bd7 18. Nf5 Ng6 19. Bg5 Re5 20. g4 h6 21. f4 Re8
22. Nxh6+ gxh6 23. Bxf6 Qb8 24. f5 Nf8 25. Qf4 Nh7 26. Qxh6 Nxf6 27. Qxf6 Qb6+
28. Rf2 Qe3 29. Qh4 1-0

[Event "FICGS__CHESS__WCH_STAGE_2_GROUP_05__000"]
[Site "FICGS"]
[Date "2014.03.18"]
[Round "1"]
[White "Wilhelm, Robert"]
[Black "Matisz, Gergely"]
[Result "1-0"]
[WhiteElo "2083"]
[BlackElo "1650"]
[PlyCount "133"]
[EventDate "2014.??.??"]
[SourceTitle "OM Corr 202003"]
[Source "Opening Master"]
[SourceDate "2019.05.30"]
[SourceVersion "2"]
[SourceVersionDate "2019.05.30"]
[SourceQuality "1"]

1. e4 e5 2. Nf3 Nc6 3. c3 d5 4. Qa4 f6 5. Bb5 Nge7 6. exd5 Qxd5 7. O-O e4 8. c4
Qh5 9. Re1 exf3 10. Bxc6+ bxc6 11. Qxc6+ Kd8 12. Qxa8 Nf5 13. Qxf3 Qxf3 14.
gxf3 Nd4 15. d3 Nxf3+ 16. Kf1 Bh3+ 17. Ke2 Nxe1 18. Kxe1 Bd6 19. Be3 Bxh2 20.
Ke2 h5 21. Nd2 Bf5 22. Bxa7 Be5 23. Rb1 g5 24. Ne4 Kc8 25. f3 h4 26. Be3 g4 27.
f4 Bd6 28. Rh1 h3 29. Nxd6+ cxd6 30. Bf2 Kd7 31. Bg3 d5 32. cxd5 Rb8 33. b3 Kd6
34. Rc1 Kxd5 35. Kd2 Rb7 36. Ke3 Re7+ 37. Kd2 Rh7 38. Bh2 Rb7 39. Bg3 Ra7 40.
a4 Rb7 41. Rb1 Rh7 42. Bh2 Ra7 43. Rc1 Ra8 44. Bg3 Rh8 45. Bh2 Rb8 46. Rb1 Ra8
47. Rc1 Kd6 48. Bg3 Ra7 49. Rb1 Ke6 50. Re1+ Kf7 51. Rc1 Kg6 52. Rd1 Be6 53.
Rb1 Rd7 54. Kc3 Bf5 55. Rd1 Rc7+ 56. Kd2 Ra7 57. Kc3 Ra8 58. Re1 Kf7 59. Rd1
Be6 60. Rb1 Kg6 61. Kd2 Rd8 62. Kc3 Bf5 63. Rd1 Rc8+ 64. Kd2 Rh8 65. Bh2 Rd8
66. Kc3 Rc8+ 67. Kd2 1-0

[Event "corr RSS7E pro"]
[Site "www.remoteschach.de"]
[Date "2014.03.18"]
[Round "?"]
[White "Ganz, Harry"]
[Black "Koenig, Uwe"]
[Result "1/2-1/2"]
[WhiteElo "2275"]
[BlackElo "2443"]
[PlyCount "60"]
[EventDate "2014.??.??"]
[EventType "tourn (corr)"]
[SourceTitle "OM Corr 202003"]
[Source "Opening Master"]
[SourceDate "2019.05.30"]
[SourceVersion "2"]
[SourceVersionDate "2019.05.30"]
[SourceQuality "1"]

1. e4 e5 2. Nf3 Nc6 3. c3 Nf6 4. Qc2 d5 5. d3 h6 6. Be2 Be6 7. O-O Bd6 8. b4
Ne7 9. Nbd2 O-O 10. d4 dxe4 11. dxe5 exf3 12. Nxf3 Ned5 13. a3 Be7 14. c4 Nb6
15. exf6 Bxf6 16. Rd1 Bxa1 17. Rxd8 Raxd8 18. h3 Rfe8 19. Bf4 c6 20. Be3 Bf6
21. Bf1 Nd7 22. Nd2 Nf8 23. Bxa7 Ra8 24. Bc5 Rxa3 25. Ne4 Be5 26. Bd6 Ba1 27.
Nc5 Bc8 28. b5 Ra8 29. g3 cxb5 30. cxb5 Bd4 1/2-1/2

[Event "corr remoteschach"]
[Site "www.remoteschach.de"]
[Date "2014.03.16"]
[Round "?"]
[White "Rohde, Hans Juergen"]
[Black "Guelker, Lorenz"]
[Result "0-1"]
[WhiteElo "1639"]
[BlackElo "2043"]
[PlyCount "94"]
[EventDate "2014.??.??"]
[EventType "tourn (corr)"]
[SourceTitle "OM Corr 202003"]
[Source "Opening Master"]
[SourceDate "2019.05.30"]
[SourceVersion "2"]
[SourceVersionDate "2019.05.30"]
[SourceQuality "1"]

1. e4 e5 2. Nf3 Nc6 3. c3 Nf6 4. d3 d5 5. Bg5 dxe4 6. dxe4 Be7 7. Bb5 Bd7 8. h3
Nxe4 9. Be3 O-O 10. b4 a6 11. Bd3 Bf5 12. a4 Nxc3 13. Nxc3 Bxd3 14. b5 axb5 15.
axb5 Bb4 16. Rxa8 Bxc3+ 17. Bd2 Qxa8 18. Bxc3 Bxb5 19. Ng5 Qa3 20. Qa1 Ra8 21.
Qxa3 Rxa3 22. Kd2 Ra2+ 23. Ke3 Ne7 24. Ke4 Bc6+ 25. Kxe5 Bxg2 26. Rd1 f6+ 27.
Ke6 Re2+ 28. Kd7 fxg5 29. Kxc7 Rxf2 30. Rd8+ Kf7 31. Bb4 Bxh3 32. Rd2 Rxd2 33.
Bxd2 g4 34. Kxb7 g3 35. Be3 h5 36. Bg1 g2 37. Kc7 h4 38. Kd6 Nf5+ 39. Ke5 Ng3
40. Kf4 Ne2+ 41. Kf3 Nxg1+ 42. Kf2 Ne2 43. Kxe2 g1=Q 44. Kf3 Qe1 45. Kf4 g5+
46. Kxg5 Qe4 47. Kh6 Qg6# 0-1

[Event "Bundesliga 1314"]
[Site "Germany"]
[Date "2014.03.15"]
[Round "11.7"]
[White "Schaefer, Markus"]
[Black "Ris, Robert"]
[Result "0-1"]
[WhiteElo "2404"]
[BlackElo "2416"]
[PlyCount "126"]
[EventDate "2013.10.12"]
[EventType "team-tourn"]
[EventRounds "15"]
[EventCountry "GER"]
[SourceTitle "CBM 160"]
[Source "ChessBase"]
[SourceDate "2014.05.15"]
[SourceVersion "1"]
[SourceVersionDate "2014.05.15"]
[SourceQuality "1"]
[WhiteTeam "Solingen"]
[BlackTeam "Katernberg"]
[WhiteTeamCountry "GER"]
[BlackTeamCountry "GER"]

1. e4 e5 2. Nf3 Nc6 3. c3 d5 4. Qa4 Nf6 5. d3 Bd6 6. Be2 O-O 7. O-O h6 8. Nbd2
Qe7 9. Re1 a5 10. Bf1 dxe4 11. dxe4 Bd7 12. Qc2 Bc5 13. Nc4 Bg4 14. Be2 Rfd8
15. Be3 Rd7 16. Bxc5 Qxc5 17. Ne3 Rad8 18. Rad1 Be6 19. Rxd7 Rxd7 20. Qa4 Ng4
21. Nxg4 Bxg4 22. Rd1 b5 23. Qc2 b4 24. Rxd7 Bxd7 25. Ne1 bxc3 26. Qxc3 Qxc3
27. bxc3 Be6 28. a3 Kf8 29. f3 Ke7 30. Kf2 Kd6 31. Ke3 Nb8 32. Kd3 Nd7 33. c4
Nc5+ 34. Kc3 Na4+ 35. Kb3 Nb6 36. Kc3 g6 37. g3 f5 38. exf5 gxf5 39. f4 Na4+
40. Kb3 Nc5+ 41. Kc2 exf4 42. gxf4 Ne4 43. Bd3 Nf2 44. Kc3 Nd1+ 45. Kd2 Nb2 46.
Kc3 Na4+ 47. Kb3 Nc5+ 48. Kc3 Na4+ 49. Kb3 Nb6 50. Nf3 Kc5 51. Ne5 Kd4 52. Bf1
Ke3 53. Ng6 c5 54. Kc3 Nd7 55. Kb3 Nb6 56. Kc3 Bd7 57. Bh3 Kf3 58. Bf1 Be8 59.
Ne5+ Kxf4 60. Nd3+ Ke3 61. Nxc5 Na4+ 62. Nxa4 Bxa4 63. c5 f4 0-1

[Event "Muensterland Verbandsliga 1314"]
[Site "Germany"]
[Date "2014.03.15"]
[Round "7.6"]
[White "Beyer, Dietmar"]
[Black "Rotterdam, Bernhard"]
[Result "1-0"]
[WhiteElo "1964"]
[BlackElo "1588"]
[PlyCount "43"]
[EventDate "2013.09.07"]
[EventType "team-tourn"]
[EventRounds "9"]
[EventCountry "GER"]
[SourceTitle "EXT 2015"]
[Source "ChessBase"]
[SourceDate "2014.11.20"]
[SourceVersion "1"]
[SourceVersionDate "2014.11.20"]
[SourceQuality "1"]
[WhiteTeam "Heiden"]
[BlackTeam "Ochtrup"]
[WhiteTeamCountry "GER"]
[BlackTeamCountry "GER"]

1. e4 e5 2. Nf3 Nc6 3. c3 d6 4. d4 exd4 5. cxd4 Nf6 6. Nc3 a6 7. Be2 h6 8. O-O
Be7 9. Re1 O-O 10. a3 b5 11. b4 d5 12. Qc2 Bb7 13. e5 Nh7 14. Be3 f6 15. Bd3
Ng5 16. Bxg5 fxg5 17. Bf5 a5 18. Be6+ Kh8 19. Nxb5 axb4 20. axb4 Bxb4 21. Rxa8
Qxa8 22. Nxg5 1-0

[Event "Budapest Spring op 30th"]
[Site "Budapest"]
[Date "2014.03.15"]
[Round "2"]
[White "Csapo, Zoltan"]
[Black "Bach, Matthias"]
[Result "0-1"]
[WhiteElo "2024"]
[BlackElo "2234"]
[PlyCount "58"]
[EventDate "2014.03.14"]
[EventType "swiss"]
[EventRounds "9"]
[EventCountry "HUN"]
[SourceTitle "CBM 159 Extra"]
[Source "ChessBase"]
[SourceDate "2014.04.24"]
[SourceVersion "1"]
[SourceVersionDate "2014.04.24"]
[SourceQuality "1"]

1. e4 e5 2. Nf3 Nc6 3. c3 d5 4. Bb5 dxe4 5. Nxe5 Qg5 6. d4 Qxg2 7. Rf1 Bd6 8.
Bf4 Nge7 9. d5 a6 10. Ba4 Bh3 11. Nd2 Nxd5 12. Bg3 Bxe5 13. Bxe5 e3 14. fxe3
Nxe3 15. Qe2 Qxe2+ 16. Kxe2 Nxf1 17. Bxc6+ bxc6 18. Nxf1 Bxf1+ 19. Rxf1 f6 20.
Bxc7 Kf7 21. Rd1 Rhe8+ 22. Kf3 Re7 23. Bd8 Rb7 24. b4 Raa7 25. Re1 Rd7 26. Bb6
Rd3+ 27. Ke4 Re7+ 28. Kxd3 Rxe1 29. Kc4 Re5 0-1

[Event "CZE-ch U12"]
[Site "Kouty nad Desnou"]
[Date "2014.03.13"]
[Round "7"]
[White "Skalsky, Alexandr"]
[Black "Martirosyan, Ara"]
[Result "1/2-1/2"]
[WhiteElo "1746"]
[BlackElo "1659"]
[PlyCount "111"]
[EventDate "2014.03.08"]
[EventType "swiss"]
[EventRounds "9"]
[EventCountry "CZE"]
[SourceTitle "EXT 2015"]
[Source "ChessBase"]
[SourceDate "2014.11.20"]
[SourceVersion "1"]
[SourceVersionDate "2014.11.20"]
[SourceQuality "1"]

1. e4 e5 2. Nf3 Nc6 3. c3 d5 4. Qa4 Qd6 5. Bb5 Nge7 6. d3 Bd7 7. Nbd2 a6 8. O-O
Ra7 9. Bxc6 Bxc6 10. Qc2 dxe4 11. dxe4 f6 12. Nc4 Qe6 13. b3 Bb5 14. Nfd2 Ng6
15. a4 Bxc4 16. Nxc4 Bc5 17. Be3 Bxe3 18. Nxe3 O-O 19. Rfd1 Raa8 20. Nd5 c6 21.
Nc7 Qg4 22. f3 Qg5 23. Nxa8 Rxa8 24. Qd2 Nf4 25. Kh1 Kf7 26. Qd7+ Kg6 27. Qg4
Qxg4 28. fxg4 Kg5 29. Rd7 Rg8 30. Rxb7 Kxg4 31. h3+ Kg3 32. Rd1 h5 33. Rb6 g5
34. Kg1 g4 35. hxg4 Rxg4 36. Rd2 h4 37. Kf1 h3 38. gxh3 Kxh3 39. Rxc6 Ng2 40.
Rxf6 Nf4 41. Rh6+ Kg3 42. Rhh2 Kf3 43. c4 Kxe4 44. c5 Nd3 45. Rhe2+ Kd4 46.
Rxd3+ Kxd3 47. Rxe5 Rb4 48. Rh5 Kd4 49. c6 Rxb3 50. Ra5 Rb6 51. c7 Rc6 52. Rxa6
Rxc7 53. Ra8 Rc1+ 54. Ke2 Ra1 55. a5 Kc5 56. a6 1/2-1/2

[Event "UZB-ch 1st League"]
[Site "Tashkent"]
[Date "2014.03.11"]
[Round "11"]
[White "Sattarov, Bobir"]
[Black "Begmuratov, Alisher"]
[Result "1-0"]
[WhiteElo "2271"]
[BlackElo "2157"]
[PlyCount "63"]
[EventDate "2014.03.01"]
[EventType "tourn"]
[EventRounds "11"]
[EventCountry "UZB"]
[SourceTitle "CBM 159 Extra"]
[Source "ChessBase"]
[SourceDate "2014.04.24"]
[SourceVersion "1"]
[SourceVersionDate "2014.04.24"]
[SourceQuality "1"]

1. e4 e5 2. Nf3 Nc6 3. c3 d5 4. Qa4 dxe4 5. Nxe5 Qd5 6. Nxc6 bxc6 7. Bc4 Qd6 8.
d3 exd3 9. O-O Be7 10. Re1 Be6 11. Bf4 Qd7 12. Bxd3 Nf6 13. Nd2 O-O 14. Bc2 Nd5
15. Be5 f6 16. Bg3 Bf7 17. Nf3 Rab8 18. Re2 g6 19. Bb3 Bd6 20. Qxa7 c5 21. Qa6
Nb6 22. Bxf7+ Qxf7 23. b3 Ra8 24. Qb5 Bxg3 25. hxg3 c4 26. Rae1 cxb3 27. axb3
Nd5 28. Qc6 Rab8 29. Nd4 Rfd8 30. Qc5 Qf8 31. Qc4 Kh8 32. Ne6 1-0

[Event "Kouty nad Desnou op-A"]
[Site "Kouty nad Desnou"]
[Date "2014.03.11"]
[Round "4"]
[White "Hlavac, Rudolf"]
[Black "Vanka, Miloslav"]
[Result "0-1"]
[WhiteElo "2000"]
[BlackElo "2145"]
[PlyCount "64"]
[EventDate "2014.03.08"]
[EventType "swiss"]
[EventRounds "9"]
[EventCountry "CZE"]
[SourceTitle "EXT 2015"]
[Source "ChessBase"]
[SourceDate "2014.11.20"]
[SourceVersion "1"]
[SourceVersionDate "2014.11.20"]
[SourceQuality "1"]

1. e4 e5 2. Nf3 Nc6 3. c3 Nf6 4. d4 Nxe4 5. d5 Ne7 6. Nxe5 Ng6 7. Qd4 Qf6 8.
Qxe4 Qxe5 9. Qxe5+ Nxe5 10. Bf4 Bd6 11. Bg3 O-O 12. Nd2 f5 13. f3 b6 14. O-O-O
Bb7 15. Nc4 Nxc4 16. Bxc4 f4 17. Bf2 Rae8 18. Rhe1 Kf7 19. Bb5 Rxe1 20. Bxe1
Re8 21. Bh4 Re5 22. Bxd7 Bxd5 23. b3 Bc5 24. Re1 Be3+ 25. Kc2 Rh5 26. Bd8 Rxh2
27. Bxc7 Rxg2+ 28. Kb1 Bxf3 29. Bf5 Be2 30. Be4 Rf2 31. Be5 g5 32. Rh1 Rf1+ 0-1

[Event "CZE-ch U12"]
[Site "Kouty nad Desnou"]
[Date "2014.03.10"]
[Round "3"]
[White "Skalsky, Alexandr"]
[Black "Dolansky, Lukas"]
[Result "1/2-1/2"]
[WhiteElo "1746"]
[BlackElo "1590"]
[PlyCount "76"]
[EventDate "2014.03.08"]
[EventType "swiss"]
[EventRounds "9"]
[EventCountry "CZE"]
[SourceTitle "EXT 2015"]
[Source "ChessBase"]
[SourceDate "2014.11.20"]
[SourceVersion "1"]
[SourceVersionDate "2014.11.20"]
[SourceQuality "1"]

1. e4 e5 2. Nf3 Nc6 3. c3 Nf6 4. d4 exd4 5. e5 Ng8 6. cxd4 Bb4+ 7. Bd2 Bxd2+ 8.
Nbxd2 d6 9. Bc4 Nge7 10. O-O O-O 11. Qc2 Bf5 12. Qc3 Ng6 13. Rfe1 Nf4 14. Rad1
d5 15. Be2 Re8 16. Nf1 Re6 17. Qd2 Nxe2+ 18. Rxe2 Rg6 19. Ng3 Bg4 20. Re3 h5
21. Kf1 f5 22. Ne2 Bxf3 23. Rxf3 Qd7 24. Nf4 Rh6 25. Rg3 Ne7 26. Nxd5 Nxd5 27.
Qxh6 Re8 28. Qd2 Re6 29. f4 Rc6 30. Rc1 Rxc1+ 31. Qxc1 Qa4 32. Rd3 Qa6 33. Ke2
Nb4 34. Qc3 Nxd3 35. Qxd3 Qxa2 36. Qb5 c6 37. Qxb7 Qc4+ 38. Ke3 Qc1+ 1/2-1/2

[Event "SVK-chT3B2 1314"]
[Site "Slovakia"]
[Date "2014.03.09"]
[Round "9.1"]
[White "Kothaj, Peter"]
[Black "Sunal, Jan"]
[Result "1-0"]
[WhiteElo "1747"]
[BlackElo "1829"]
[PlyCount "43"]
[EventDate "2013.10.13"]
[EventType "team-tourn"]
[EventRounds "14"]
[EventCountry "SVK"]
[SourceTitle "EXT 2015"]
[Source "ChessBase"]
[SourceDate "2014.11.20"]
[SourceVersion "1"]
[SourceVersionDate "2014.11.20"]
[SourceQuality "1"]

1. e4 e5 2. Nf3 Nc6 3. c3 Nf6 4. d4 exd4 5. e5 Ng4 6. cxd4 g6 7. Bc4 d5 8. exd6
Qxd6 9. O-O Be6 10. d5 O-O-O 11. Nc3 Nce5 12. Bf4 Nxf3+ 13. Qxf3 Ne5 14. Bxe5
Qxe5 15. dxe6 Bd6 16. Qh3 f5 17. Rfe1 Qc5 18. Bb3 c6 19. Ne4 Qb4 20. Nxd6+ Rxd6
21. e7 Re8 22. Bf7 1-0

[Event "Reykjavik op"]
[Site "Reykjavik"]
[Date "2014.03.09"]
[Round "7"]
[White "Plantada Siurans, Estanislau"]
[Black "Sigurdarson, Alec Elias"]
[Result "0-1"]
[WhiteElo "1557"]
[BlackElo "1309"]
[PlyCount "88"]
[EventDate "2014.03.04"]
[EventType "swiss"]
[EventRounds "10"]
[EventCountry "ISL"]
[SourceTitle "CBM 159 Extra"]
[Source "ChessBase"]
[SourceDate "2014.04.24"]
[SourceVersion "1"]
[SourceVersionDate "2014.04.24"]
[SourceQuality "1"]

1. e4 e5 2. Nf3 Nc6 3. c3 Nf6 4. d4 exd4 5. e5 Qe7 6. cxd4 Nd5 7. Bc4 Qb4+ 8.
Nbd2 Nb6 9. a3 Qa5 10. b4 Nxb4 11. Bxf7+ Kxf7 12. Ng5+ Ke8 13. O-O Nc6 14. Qh5+
g6 15. Qf3 Qd5 16. Nde4 Be7 17. Nf6+ Bxf6 18. Qxf6 Rf8 19. Qg7 Qg8 20. Qh6 Nd5
21. Nxh7 Rf5 22. Ng5 Nxd4 23. Bb2 Ne6 24. Ne4 Rh5 25. Qd2 c6 26. Nf6+ Nxf6 27.
exf6 Rd5 28. Qb4 Qf8 29. Qg4 Qf7 30. Rad1 Rg5 31. Qb4 d5 32. Rfe1 Kd8 33. Re2
c5 34. Qh4 d4 35. Rxe6 Rxg2+ 36. Kxg2 Bxe6 37. Re1 Kc7 38. Qf4+ Kc6 39. Qe4+
Bd5 40. Bxd4 Bxe4+ 41. f3 cxd4 42. Rc1+ Kd6 43. Re1 Bxf3+ 44. Kxf3 Qxf6+ 0-1

[Event "Reykjavik op"]
[Site "Reykjavik"]
[Date "2014.03.09"]
[Round "7"]
[White "Thorsteinsson, Arnar"]
[Black "Thorfinnsson, Bjorn"]
[Result "1/2-1/2"]
[WhiteElo "2205"]
[BlackElo "2389"]
[PlyCount "78"]
[EventDate "2014.03.04"]
[EventType "swiss"]
[EventRounds "10"]
[EventCountry "ISL"]
[SourceTitle "CBM 159 Extra"]
[Source "ChessBase"]
[SourceDate "2014.04.24"]
[SourceVersion "1"]
[SourceVersionDate "2014.04.24"]
[SourceQuality "1"]

1. e4 e5 2. Nf3 Nc6 3. c3 f5 4. d4 fxe4 5. Nxe5 Nf6 6. Bg5 d6 7. Nxc6 bxc6 8.
d5 h6 9. Bxf6 Qxf6 10. Bc4 Qg5 11. Kf1 Be7 12. Nd2 cxd5 13. Bb5+ Kd8 14. Nb3
Rf8 15. Nd4 c5 16. Qa4 a5 17. Nc6+ Kc7 18. Nxe7 Qxe7 19. Re1 Qf6 20. Qc2 Bb7
21. h4 a4 22. Kg1 Ra5 23. c4 dxc4 24. Bxc4 a3 25. Qd2 Raa8 26. b4 Qd4 27. Qc2
Qb2 28. Rc1 e3 29. fxe3 Be4 30. Qxe4 Qxc1+ 31. Kh2 Rae8 32. Be6 Rf1 33. Rxf1
Qxf1 34. bxc5 Qf6 35. cxd6+ Kxd6 36. Qd5+ Ke7 37. Qd7+ Kf8 38. Qd6+ Qe7 39.
Qf4+ Qf6 1/2-1/2

[Event "Remote S7E-164 email"]
[Site "Remote email"]
[Date "2014.03.09"]
[Round "?"]
[White "Tortoza, Carlos Alberto"]
[Black "Witt, Monika"]
[Result "1-0"]
[WhiteElo "1560"]
[BlackElo "1476"]
[PlyCount "101"]
[EventDate "2014.??.??"]
[EventType "tourn (corr)"]
[EventRounds "6"]
[EventCountry "GER"]
[SourceTitle "OM Corr 202003"]
[Source "Opening Master"]
[SourceDate "2019.05.30"]
[SourceVersion "2"]
[SourceVersionDate "2019.05.30"]
[SourceQuality "1"]

1. e4 e5 2. Nf3 Nc6 3. c3 a6 4. Bc4 h6 5. O-O Nf6 6. d4 b5 7. Bb3 d6 8. Nbd2
Be6 9. d5 Bd7 10. dxc6 Bxc6 11. Nh4 Bd7 12. Nf5 Bxf5 13. exf5 h5 14. Nf3 h4 15.
h3 d5 16. Nxe5 Qd6 17. f4 Qc5+ 18. Kh1 Ne4 19. Bxd5 Ng3+ 20. Kh2 Nxf1+ 21. Qxf1
Qxd5 22. Be3 Bd6 23. b3 Bxe5 24. fxe5 Qxe5+ 25. Kh1 O-O 26. Bd4 Qd6 27. Re1 Qg3
28. Re3 Qg5 29. Qf3 Qg3 30. Qh5 f6 31. Rxg3 hxg3 32. c4 Rae8 33. Qg4 Re1+ 34.
Bg1 Kf7 35. Qxg3 Ra1 36. Qxc7+ Kg8 37. Qa5 bxc4 38. bxc4 Ra8 39. Kh2 Rc1 40. c5
Kh7 41. a4 Rc4 42. Bf2 Re8 43. Qxa6 Rxc5 44. Bxc5 Re5 45. g4 Rxc5 46. Kg3 Kh6
47. Kh4 Re5 48. g5+ Kh7 49. gxf6 Rxf5 50. Qd3 g5+ 51. Kg4 1-0

[Event "Reykjavik op"]
[Site "Reykjavik"]
[Date "2014.03.07"]
[Round "5"]
[White "Plantada Siurans, Estanislau"]
[Black "Jonsson, Olafur Gisli"]
[Result "0-1"]
[WhiteElo "1557"]
[BlackElo "1890"]
[PlyCount "144"]
[EventDate "2014.03.04"]
[EventType "swiss"]
[EventRounds "10"]
[EventCountry "ISL"]
[SourceTitle "CBM 159 Extra"]
[Source "ChessBase"]
[SourceDate "2014.04.24"]
[SourceVersion "1"]
[SourceVersionDate "2014.04.24"]
[SourceQuality "1"]

1. e4 e5 2. Nf3 Nc6 3. c3 Nf6 4. d4 d5 5. Bb5 Nxe4 6. Nxe5 a6 7. Nxc6 Qf6 8.
Ne5+ axb5 9. O-O Be7 10. Nd2 O-O 11. Qe2 Nxd2 12. Bxd2 c6 13. Rfe1 Bd6 14. Qh5
Qf5 15. Qxf5 Bxf5 16. a3 f6 17. Nf3 Rfe8 18. h3 Kf7 19. Re3 Rxe3 20. Bxe3 Re8
21. g4 Be4 22. Nd2 Bd3 23. Kg2 g5 24. Re1 Kg6 25. Nf1 Be4+ 26. f3 Bd3 27. Bf2
Rxe1 28. Bxe1 h5 29. Nd2 Bf4 30. b4 h4 31. Kg1 Bc4 32. Kg2 f5 33. Kg1 fxg4 34.
fxg4 Kf6 35. Kg2 Ke6 36. Kf3 Bd3 37. Kg2 Be4+ 38. Kf1 b6 39. Kg1 Kd6 40. Kf2 c5
41. Nxe4+ dxe4 42. Ke2 Kd5 43. dxc5 bxc5 44. bxc5 Kxc5 45. Bf2+ Kc4 46. Bd4 Kb3
47. Bg7 Kxa3 48. Bd4 Kb3 49. Bg7 Kc4 50. Bh8 Kd5 51. Bg7 Be5 52. Bh6 Bxc3 53.
Bxg5 b4 54. Bxh4 b3 55. Kd1 Kc4 56. Bg3 Kd3 57. Kc1 Ke3 58. g5 Kf3 59. Bh4 Kg2
60. g6 Kxh3 61. Bg5 Bg7 62. Be7 Kg4 63. Ba3 Kf5 64. Bb2 Bxb2+ 65. Kxb2 Kxg6 66.
Kxb3 Kf5 67. Kc2 Kf4 68. Kd2 Kf3 69. Ke1 Ke3 70. Kd1 Kf2 71. Kd2 e3+ 72. Kd1
e2+ 0-1

[Event "Reykjavik op"]
[Site "Reykjavik"]
[Date "2014.03.05"]
[Round "3"]
[White "Thorsteinsson, Arnar"]
[Black "Farine, Jonathan"]
[Result "1-0"]
[WhiteElo "2205"]
[BlackElo "1953"]
[PlyCount "87"]
[EventDate "2014.03.04"]
[EventType "swiss"]
[EventRounds "10"]
[EventCountry "ISL"]
[SourceTitle "CBM 159 Extra"]
[Source "ChessBase"]
[SourceDate "2014.04.24"]
[SourceVersion "1"]
[SourceVersionDate "2014.04.24"]
[SourceQuality "1"]

1. e4 e5 2. Nf3 Nc6 3. c3 Nf6 4. d4 Nxe4 5. d5 Ne7 6. Nxe5 Ng6 7. Bd3 Nxe5 8.
Bxe4 Bc5 9. O-O d6 10. Bf4 Bg4 11. Qc2 Qf6 12. Bxe5 Qxe5 13. Nd2 O-O-O 14. b4
Bb6 15. a4 a6 16. Nc4 Qg5 17. Nxb6+ cxb6 18. f4 Qh5 19. h3 Bd7 20. Qf2 Kc7 21.
c4 Rhe8 22. Bf3 Qg6 23. c5 dxc5 24. bxc5 bxc5 25. Qxc5+ Kb8 26. Rab1 Bc8 27.
Rb6 Qd3 28. d6 Qe3+ 29. Qxe3 Rxe3 30. Rfb1 Rxf3 31. gxf3 Ka8 32. Re1 Bxh3 33.
Re7 Rd7 34. a5 Be6 35. Re8+ Ka7 36. Rh8 h6 37. Rh7 f6 38. Rh8 Bd5 39. Rc8 Bc6
40. Rc7 Rxd6 41. Rcxb7+ Ka8 42. Rxg7 Rd1+ 43. Kf2 Bb5 44. Rxf6 1-0

[Event "FICGS__CHESS__WCH_STAGE_1_GROUP_12__000"]
[Site "FICGS"]
[Date "2014.03.03"]
[Round "1"]
[White "Wilhelm, Robert"]
[Black "Altieri, Carlo"]
[Result "1-0"]
[WhiteElo "2083"]
[BlackElo "1981"]
[PlyCount "73"]
[EventDate "2014.??.??"]
[EventType "swiss"]
[EventRounds "1"]
[SourceTitle "OM Corr 202003"]
[Source "Opening Master"]
[SourceDate "2019.05.30"]
[SourceVersion "2"]
[SourceVersionDate "2019.05.30"]
[SourceQuality "1"]

1. e4 e5 2. Nf3 Nc6 3. c3 d5 4. Qa4 f6 5. Bb5 Nge7 6. exd5 Qxd5 7. O-O e4 8. c4
Qd7 9. Ne1 a6 10. Nc3 Qf5 11. f3 Be6 12. fxe4 Qc5+ 13. Kh1 O-O-O 14. d4 Qxd4
15. Nc2 Qb6 16. c5 Qxc5 17. Be3 Qh5 18. Bxa6 bxa6 19. Qxa6+ Kd7 20. Nb5 Bg4 21.
Qa4 Be2 22. Ncd4 Rb8 23. Rfd1 Bxd1 24. Rxd1 Ke8 25. Qb3 Qe5 26. Qc4 Rb6 27. Rd3
g5 28. a4 Rxb5 29. Nxb5 Bh6 30. Rd1 Kf8 31. Bd2 Qxb2 32. Bc3 Qc2 33. Rf1 Bg7
34. Nxc7 Rg8 35. Nd5 Rh8 36. h3 h5 37. Nxe7 1-0

[Event "FAI-chT2 1314"]
[Site "Torshavn"]
[Date "2014.03.02"]
[Round "9.3"]
[White "Joensen, Alvin"]
[Black "Jacobsen, Runi Tindskard"]
[Result "1-0"]
[WhiteElo "1623"]
[BlackElo "1688"]
[PlyCount "47"]
[EventDate "2013.10.27"]
[EventType "team-tourn"]
[EventRounds "10"]
[EventCountry "FAI"]
[SourceTitle "OM OTB B 201907"]
[Source "Opening Master"]
[SourceDate "2019.07.06"]
[SourceVersion "2"]
[SourceVersionDate "2019.07.06"]
[SourceQuality "1"]
[WhiteTeam "Rokur"]
[BlackTeam "Havnin III"]
[WhiteTeamCountry "FAI"]
[BlackTeamCountry "FAI"]

1. e4 e5 2. Nf3 Nc6 3. c3 Nf6 4. d4 d6 5. dxe5 dxe5 6. Qxd8+ Nxd8 7. Nxe5 Nxe4
8. Bd3 Nf6 9. O-O Bd6 10. Nc4 Bc5 11. b4 Bb6 12. Nxb6 axb6 13. Bg5 O-O 14. Bxf6
gxf6 15. Nd2 Be6 16. Ne4 f5 17. Nf6+ Kg7 18. Nh5+ Kh6 19. Nf4 Nc6 20. Rfe1 Bxa2
21. Bxf5 Rfe8 22. Rxe8 Rxe8 23. Bd7 Re4 24. g3 1-0